000 00858nam a2200265Ia 4500
003 OSt
005 20220926034737.0
006 a|||||r|||| 00| 0
007 ta
008 220923b |||||||| |||| 00| 0 eng d
020 _a9781405160391
_c1739.98
037 _b510, 25/03/2009, TOTAL BOOKS INDIA
_cGeneral Book
040 _aRTL
_cRTL
_beng
041 _2eng
_aeng
082 _aY9(4).1.P, P9
100 _aOwen John
_980175
245 0 _aInternational News Reporting
_b Frontlines and Deadlines.
260 _aWest Sussex
_bWiley-Blackwell
_c2009
300 _axvi, 280p.
_ccm.
500 _aBibliography Chapterwise
650 _aSociology
700 _a Purdey Heather Ed.
_9341100
942 _hY9(4).1.P, P9
_cGB
_2CC
999 _c660299
_d660299